000 00436nam a2200181Ia 4500
001 8672
005 20260306160627.0
008 260306t2014||||xx |||||||||||||| ||spa||
041 _aESP
082 _a371.272
_bT64
100 _aTobón, Sergio
_eAUT
245 0 _aProyectos formativos:
_bteoría y metodología
260 _c2014
300 _a212 páginas :
_c24 cm.
650 _aGEN
654 _aCED
942 _cLIB
_dJUS
_fJUS
_2ddc
_n
999 _c8672
_d8672